Role of our district in the freedom movement (Record no. 420987)

000 -LEADER
fixed length control field 00464cam a22001337a 4500
008 - FIXED-LENGTH DATA ELEMENTS--GENERAL INFORMATION
fixed length control field 180718b1989 xxu||||| |||| 00| 0 eng d
082 ## - DEWEY DECIMAL CLASSIFICATION NUMBER
Classification number B262x54 N315
245 ## - TITLE STATEMENT
Title Role of our district in the freedom movement
Statement of responsibility, etc. by Nehru Yuva Kendra Sangathan
260 ## - PUBLICATION, DISTRIBUTION, ETC.
Place of publication, distribution, etc. New Delhi
Name of publisher, distributor, etc. Nehru Yuva Kendra Sangathan
Date of publication, distribution, etc. 1989
300 ## - PHYSICAL DESCRIPTION
Extent 820p
650 ## - SUBJECT ADDED ENTRY--TOPICAL TERM
Topical term or geographic name entry element India --History, Local.
650 ## - SUBJECT ADDED ENTRY--TOPICAL TERM
Topical term or geographic name entry element India --Politics and government --1765-1947
700 ## - ADDED ENTRY--PERSONAL NAME
Personal name Delhi. Nehru Yuva Kendra Sangathan
Holdings
Withdrawn status Lost status Damaged status Not for loan Permanent Location Current Location Date acquired Full call number Barcode Date last seen Price effective from Koha item type
        Indian Institute of Public Administration Indian Institute of Public Administration 2009-07-23 B262x54 N315 65159 2018-07-21 2018-07-21 Book

Powered by Koha